000 00339nam a22001457a 4500
008 210521b ||||| |||| 00| 0 eng d
020 _a9780393702941
041 _aeng
080 _22nd
_a159.9
082 _a159.9
100 _a48
101 _aPSI
245 _aGenograms Assessment and Intervention
_cGoldrick,M.M
942 _2udc
_cBK
999 _c57574
_d57574